01186nam a22002177a 4500003000400000020001800004082001800022100002500040245004600065250000800111260002000119300000800139653002400147942001500171952014400186952014400330952015900474952015900633952015900792999001700951SGT a9780323776158 a616.025bM23M aMalamed, Stanley F.  aMedical Emergencies in the dental office  a8th bElsevier c2023 a554 aMedical Emergencies 2ddccBK01 00102ddc4070aFDbFDcREFd2023-08-26eAhuja Book Co. Pvt. Ltd. iSGTUo616.025 M23MpFD9246r2023-08-26 00:00:00w2023-06-28yBKk16974 00102ddc4070aFDbFDcREFd2023-08-26eAhuja Book Co. Pvt. Ltd. iSGTUo616.025 M23MpFD9247r2023-08-26 00:00:00w2023-06-28yBKk16974 00102ddc4070aFDbFDcREFd2023-08-26eAhuja Book Co. Pvt. Ltd. iSGTUl1o616.025 M23MpFD9248r2025-05-22 00:00:00s2025-05-12w2023-06-28yBKk16974 00102ddc4070aFDbFDcREFd2023-08-26eAhuja Book Co. Pvt. Ltd. iSGTUl7o616.025 M23MpFD9249r2025-11-24 00:00:00s2025-11-10w2023-06-28yBKk16974 00102ddc4070aFDbFDcREFd2023-08-26eAhuja Book Co. Pvt. Ltd. iSGTUl2o616.025 M23MpFD9250r2025-10-13 00:00:00s2025-10-13w2023-06-28yBKk16974 c24886d24886